00824nam a22002417a 4500999001500000001000500015003000900020005001700029008004100046020001500087040003800102082002000140245008200160260005300242300003800295505002900333650002200362650002800384700002000412700001600432942001200448952012200460 c5252d52526035BD-DhUAP20201206113949.0201206s1999 ii a|||| |||| 000 0 eng d a8170890561 aBD-DhUAPbEngcBD-DhUAPdBD-DhUAP 223a581.634 IND aIndian medicinal plants :bplates /cEdited by K. R. Kirtikar and B. D. Basu. aIndia :bInternational book distributors,c1999. aparts :billustrations ;c27 cm.  aP. 3- (Nos. 515 to 779). aMedicinal plants. aBotany, MedicalzIndia. aKirtikar, K. R. aBasu, B. D. 2ddccBK 00102ddc4070aUAPCLbUAPCLcGeneral Stacksd2020-12-06o581.634 IND P-3p3010006035r2020-12-06t1w2020-12-06yBK